Digital telephony (Record no. 3592)

000 -LEADER
fixed length control field 00571nam a2200217 a 4500
001 - CONTROL NUMBER
control field 3592
003 - CONTROL NUMBER IDENTIFIER
control field BD-DhUET
008 - FIXED-LENGTH DATA ELEMENTS--GENERAL INFORMATION
fixed length control field 900501s1991 nyua b 001 0 eng
020 ## - INTERNATIONAL STANDARD BOOK NUMBER
International Standard Book Number 0471620564
040 ## - CATALOGING SOURCE
Original cataloging agency DLC
Transcribing agency DLC
Modifying agency BD-DhUET
082 ## - DEWEY DECIMAL CLASSIFICATION NUMBER
Classification number 623.85
Item number BEL/1991
100 ## - MAIN ENTRY--PERSONAL NAME
Personal name Bellamy, John
245 10 - TITLE STATEMENT
Title Digital telephony
250 ## - EDITION STATEMENT
Edition statement 2nd ed.
260 ## - PUBLICATION, DISTRIBUTION, ETC. (IMPRINT)
Place of publication, distribution, etc. New York
Name of publisher, distributor, etc. John wiley & sons
Date of publication, distribution, etc. 1991
300 ## - PHYSICAL DESCRIPTION
Extent xix, 572 p.
Other physical details ill.
Dimensions 25 cm.
490 ## - SERIES STATEMENT
Series statement Wiley Series in telecommunications
504 ## - BIBLIOGRAPHY, ETC. NOTE
Bibliography, etc Includes bibliographies
650 #0 - SUBJECT ADDED ENTRY--TOPICAL TERM
Topical term or geographic name as entry element Digital telephony
942 ## - ADDED ENTRY ELEMENTS (KOHA)
Koha item type General Book
Holdings
Location (home branch) Copy number Withdrawn status Lost status Koha normalized classification for sorting Koha issues (times borrowed) Koha date last seen Koha item type Shelving location Sublocation or collection (holding branch) Price effective from Not for loan Koha full call number Piece designation (barcode) Koha date last borrowed Damaged status Date acquired Source of classification or shelving scheme
Central Library, BUET1  623_000000000000000_85BEL199122016-02-06General BookCirculation sectionCentral Library, BUET2014-11-02 623.85/BEL/1991836182015-10-10 2014-11-02 
Central Library, BUET2  623_000000000000000_85BEL1991 2017-08-26General BookCirculation sectionCentral Library, BUET2014-11-02 623.85/BEL/199183620  2014-11-02 
Central Library, BUET3  623_000000000000000_85BEL1991 2017-08-16General BookCirculation sectionCentral Library, BUET2014-11-02 623.85/BEL/199183623  2014-11-02 
Central Library, BUET4  623_850000000000000_BEL_199122024-02-20General BookCirculation sectionCentral Library, BUET2014-11-02 623.85/BEL/1991863392023-03-07 2014-11-02 
Central Library, BUET5  623_850000000000000_BEL_1991 2015-07-01Reading ItemReading sectionCentral Library, BUET2015-07-01 623.85/BEL/199187594  2015-07-01 
Central Library, BUETক-১  623_850000000000000_BEL_1991 2024-12-09Rental ItemRental sectionCentral Library, BUET2024-12-09 623.85 BEL/199183563  1992-06-06 
Central Library, BUETক-২  623_850000000000000_BEL_1991 2024-12-09Rental ItemRental sectionCentral Library, BUET2024-12-09 623.85 BEL/199183564  1992-06-06 
Central Library, BUETক-৩  623_850000000000000_BEL_1991 2024-12-09Rental ItemRental sectionCentral Library, BUET2024-12-09 623.85 BEL/199183565  1992-06-06 
Central Library, BUETক-৪  623_850000000000000_BEL_1991 2024-12-09Rental ItemRental sectionCentral Library, BUET2024-12-09 623.85 BEL/199183566  1992-06-06 
Central Library, BUETক-৫  623_850000000000000_BEL_1991 2024-12-09Rental ItemRental sectionCentral Library, BUET2024-12-09 623.85 BEL/199183567  1992-06-06 
Central Library, BUETক-৬  623_850000000000000_BEL_1991 2024-12-09Rental ItemRental sectionCentral Library, BUET2024-12-09 623.85 BEL/199183568  1992-06-06 
Central Library, BUETক-৭  623_850000000000000_BEL_1991 2024-12-09Rental ItemRental sectionCentral Library, BUET2024-12-09 623.85 BEL/199183569  1992-06-06 
Central Library, BUETক-৮  623_850000000000000_BEL_1991 2024-12-09Rental ItemRental sectionCentral Library, BUET2024-12-09 623.85 BEL/199183570  1992-06-06 
Central Library, BUETক-৯  623_850000000000000_BEL_1991 2024-12-09Rental ItemRental sectionCentral Library, BUET2024-12-09 623.85 BEL/199183571  1992-06-06 
Central Library, BUETক-১০  623_850000000000000_BEL_1991 2024-12-09Rental ItemRental sectionCentral Library, BUET2024-12-09 623.85 BEL/199183572  1992-06-06 
Central Library, BUETক-১১  623_850000000000000_BEL_1991 2024-12-09Rental ItemRental sectionCentral Library, BUET2024-12-09 623.85 BEL/199183573  1992-06-06 
Central Library, BUETক-১২  623_850000000000000_BEL_1991 2024-12-09Rental ItemRental sectionCentral Library, BUET2024-12-09 623.85 BEL/199183574  1992-06-06 
Central Library, BUETক-১৩  623_850000000000000_BEL_1991 2024-12-09Rental ItemRental sectionCentral Library, BUET2024-12-09 623.85 BEL/199183575  1992-06-06 
Central Library, BUETক-১৪  623_850000000000000_BEL_1991 2024-12-09Rental ItemRental sectionCentral Library, BUET2024-12-09 623.85 BEL/199183576  1992-06-06 
Central Library, BUETক-১৫  623_850000000000000_BEL_1991 2024-12-09Rental ItemRental sectionCentral Library, BUET2024-12-09 623.85 BEL/199183577  1992-06-06